01024nas a2200241Ia 4500001001100000003000900011008004100020040001300061040001300074041001300087100003800100210002000138222002000158245011300178250001100291260002800302501008600330300001100416310001600427362004300443500026000486650003600746R012/42599IT-RoPAU151124c99999999xx |||||||||||| ||und|| aIT-RoPAU cIT-RoPAU aITALIANO aAA.VV. gCodice Aut. SPICS: 12000 aCINEMA & CINEMA aCinema & Cinema aCINEMA & CINEMA, ANNO 10-N.37 (OTTOBRE-DICEMBRE 1983)bCinema & Cinema, Anno 10-N.37 (Ottobre-Dicembre 1983) a1a ed. aVENEZIAbMARSILIOc1983 bPaulus - SPICS - Società San Paolo EM (non-commercial uses only)cCopyright2015 a112 p. aTRIMESTRALE aANNO 010, N.37 (OTTOBRE-DICEMBRE 1983) aContributi di Autori Vari Sulle Forme del Sentimento: il Melodramma nel Cinema Americano. Conversazioni con Personaggi del Cinema. Relazioni su Vari Festival: Venezia, Ravenna, Verona, Lecce, Taormina, Locarno, Pordenone, Mannheim. Recensione di Vari Libr aCINEMAvPUBBLICAZIONE PERIODICA